000 00729nam a2200241Ia 4500
003 OSt
005 20220927105019.0
006 a|||||r|||| 00| 0
007 ta
008 220926b |||||||| |||| 00| 0 eng d
024 _a186829
037 _cReference Collections
040 _aRTL
_cRTL
_beng
041 _2eng
_aeng
082 _a"X81,7361.N38r, G8"
110 _aFEDERAL DEPOSIT INSURANCE CORPORATION
_9369432
245 0 _a"Annual report,1938."
260 _aWashington
_bFederal Deposit Insurance Corporation
_c1938
300 _a"xiv,274p."
_ccm.
700 _aFEDERAL DEPOSIT INSURANCE CORPORATION
_9369433
942 _h"X81,7361.N38r, G8"
_cCC
999 _c690225
_d690225